[Event "Frankfurt-ch"]
[Site "Frankfurt"]
[Date "2009.06.22"]
[Round "6"]
[White "Grunenberg, Sven"]
[Black "Makilla, Tobias"]
[Result "0-1"]
[WhiteElo "1508"]
[BlackElo "1945"]
[PlyCount "100"]
[EventDate "2009.04.27"]
[EventType "tourn"]
[EventRounds "7"]
[EventCountry "GER"]
[SourceTitle "EXT 2010"]
[Source "ChessBase"]
[SourceDate "2010.11.25"]
[SourceVersion "1"]
[SourceVersionDate "2010.11.25"]
[SourceQuality "1"]

1. d4 d5 2. Bf4 e6 3. e3 Bd6 4. Ne2 Nf6 5. Nd2 Nc6 6. Nf3 Bd7 7. a3 0-0 8. Bxd6 cxd6 9. Ng3 Qb6 10. Rb1 Ne4 11. Nxe4 dxe4 12. Nd2 d5 13. c4 Rfc8 14. Be2 Na5 15. c5 Qc7 16. b4 Nc6 17. 0-0 e5 18. b5 Ne7 19. a4 f5 20. f4 exd4 21. exd4 Qa5 22. Rf2 a6 23. Nf1 axb5 24. Bxb5 Bxb5 25. axb5 Qa3 26. Rfb2 Ra4 27. Rb3 Qa2 28. Ne3 Raa8 29. b6 Qa4 30. Rb4 Qe8 31. Ra1 Rxa1 32. Qxa1 Ra8 33. Qd1 Ra3 34. Rb3 Qa4 35. Rxa3 Qxa3 36. Kf2 Qa2+ 37. Qe2 Qxe2+ 38. Kxe2 Kf7 39. Nc2 Nc6 40. Ke3 h6 41. h4 Kg6 42. Kf2 Kh5 43. Kg3 Kg6 44. Kf2 Kf6 45. g3 Ke6 46. Ke3 Na5 47. Na3 Nc4+ 48. Nxc4 dxc4 49. h5 Kd5 50. c6 Kxc6 0-1

[Event "Frankfurt-ch"]
[Site "Frankfurt"]
[Date "2009.05.04"]
[Round "2"]
[White "Grunenberg, Sven"]
[Black "Benikhis, Avram"]
[Result "0-1"]
[WhiteElo "1508"]
[BlackElo "1762"]
[PlyCount "88"]
[EventDate "2009.04.27"]
[EventType "tourn"]
[EventRounds "7"]
[EventCountry "GER"]
[SourceTitle "EXT 2010"]
[Source "ChessBase"]
[SourceDate "2010.11.25"]
[SourceVersion "1"]
[SourceVersionDate "2010.11.25"]
[SourceQuality "1"]

1. c4 e5 2. g4 Bc5 3. d3 c6 4. Nf3 d6 5. h3 Nf6 6. g5 Nh5 7. e3 g6 8. Be2 Ng7 9. a3 a5 10. Nc3 Bf5 11. h4 Nd7 12. Nd2 d5 13. cxd5 Nb6 14. Nde4 Be7 15. Qb3 a4 16. Qd1 cxd5 17. Ng3 Be6 18. Bd2 h6 19. gxh6 Rxh6 20. e4 Rxh4 21. Rxh4 Bxh4 22. Bh6 Bf6 23. Rc1 d4 24. Nb5 Bb3 25. Qd2 Ne6 26. Qb4 Be7 27. Qd2 Qd7 28. Bg4 Qxb5 29. Bxe6 Bxe6 30. Bg7 Rc8 31. Rxc8+ Nxc8 32. Ke2 b6 33. Kf3 Bb3 34. Ne2 Qc5 35. Qh6 Qc2 36. Nc1 Qxb2 37. Bxe5 Bxa3 38. Qh8+ Kd7 39. Bf4 Be6 40. Qe5 Qc2 41. Qxd4+ Kc6 42. Qd8 Qd1+ 43. Ne2 Bd6 44. Be3 Qh1# 0-1

[Event "Frankfurt-ch"]
[Site "Frankfurt"]
[Date "2008.05.26"]
[Round "4"]
[White "Grunenberg, Sven"]
[Black "Plattner, Rolf"]
[Result "0-1"]
[WhiteElo "1542"]
[BlackElo "1922"]
[PlyCount "106"]
[EventDate "2008.04.28"]
[EventType "swiss"]
[EventRounds "7"]
[EventCountry "GER"]
[SourceTitle "EXT 2009"]
[Source "ChessBase"]
[SourceDate "2008.11.26"]
[SourceVersion "1"]
[SourceVersionDate "2008.11.26"]
[SourceQuality "1"]

1. d4 Nf6 2. Nd2 d5 3. g3 g6 4. Bg2 Bg7 5. c3 0-0 6. Ngf3 Re8 7. 0-0 Bg4 8. Re1 c6 9. Ne5 Be6 10. Ndf3 Ne4 11. Nd3 Qb6 12. Ng5 Nxg5 13. Bxg5 h6 14. Bd2 Bf5 15. e4 dxe4 16. Bxe4 Bxe4 17. Rxe4 Nd7 18. Qe1 e6 19. Rb1 Qb5 20. Ne5 Nxe5 21. dxe5 Rad8 22. c4 Qa4 23. a3 b6 24. Bc3 c5 25. Qf1 Rd7 26. Ree1 Red8 27. Qe2 h5 28. h4 Bh6 29. f4 a6 30. Rf1 Rd3 31. Kh2 Qxc4 32. Rbe1 Qd5 33. Qe4 Bf8 34. Qxd5 R8xd5 35. Re2 Be7 36. Rff2 Kf8 37. Kg2 Ke8 38. Rd2 Rxd2 39. Rxd2 Rxd2+ 40. Bxd2 Kd7 41. Kf3 Kc6 42. g4 hxg4+ 43. Kxg4 Kd5 44. h5 gxh5+ 45. Kxh5 f6 46. Bc3 fxe5 47. Bxe5 Bd6 48. Bxd6 Kxd6 49. Kg5 Kd5 50. Kf6 c4 51. Ke7 b5 52. Kd7 a5 53. Kc7 b4 0-1

[Event "Frankfurt-ch"]
[Site "Frankfurt"]
[Date "2008.05.05"]
[Round "2"]
[White "Grunenberg, Sven"]
[Black "Sarkozy, Benjamin"]
[Result "0-1"]
[WhiteElo "1542"]
[BlackElo "1787"]
[PlyCount "66"]
[EventDate "2008.04.28"]
[EventType "swiss"]
[EventRounds "7"]
[EventCountry "GER"]
[SourceTitle "EXT 2009"]
[Source "ChessBase"]
[SourceDate "2008.11.26"]
[SourceVersion "1"]
[SourceVersionDate "2008.11.26"]
[SourceQuality "1"]

1. g4 e5 2. d3 Bc5 3. Bg2 d6 4. c4 Nc6 5. e3 Nge7 6. a3 a5 7. Nc3 Be6 8. Qb3 0-0 9. h3 f5 10. g5 f4 11. Bd2 fxe3 12. fxe3 Rb8 13. 0-0-0 Nf5 14. Bd5 Bxd5 15. Nxd5 Nce7 16. d4 exd4 17. e4 Nh4 18. Ne2 Rf3 19. Qa4 c6 20. Bxa5 b6 21. Nf6+ gxf6 22. gxf6 Neg6 23. Be1 b5 24. Qa6 Qxf6 25. Qxc6 bxc4 26. Rg1 c3 27. Bxh4 cxb2+ 28. Kb1 Qxh4 29. Nxd4 Re3 30. Qd5+ Kh8 31. Nc2 Qxe4 32. Qh5 Rxa3 33. Rde1 Ra1# 0-1

[Event "Frankfurt-ch"]
[Site "Frankfurt"]
[Date "2005.05.23"]
[Round "4"]
[White "Grunenberg, Sven"]
[Black "Popp, Matthias"]
[Result "0-1"]
[WhiteElo "1428"]
[BlackElo "1578"]
[PlyCount "56"]
[EventDate "2005.04.25"]
[EventType "swiss"]
[EventRounds "7"]
[EventCountry "GER"]
[SourceTitle "EXT 2006"]
[Source "ChessBase"]
[SourceDate "2005.11.24"]
[SourceVersion "1"]
[SourceVersionDate "2005.11.24"]
[SourceQuality "1"]

1. d4 Nf6 2. c4 d6 3. Nf3 Nbd7 4. Nc3 e5 5. dxe5 dxe5 6. Bg5 Be7 7. Qc2 c6 8. Rd1 Qc7 9. e3 0-0 10. Bd3 h6 11. Bh4 Nc5 12. Bf5 e4 13. Bxe4 Nfxe4 14. Nxe4 Nxe4 15. Qxe4 Qa5+ 16. Nd2 Bxh4 17. Qxh4 Qxa2 18. b4 Be6 19. Qd4 Qa3 20. c5 a5 21. 0-0 Qxb4 22. Qxb4 axb4 23. Rb1 Rfd8 24. Ne4 b3 25. f4 Bf5 26. Rxb3 Bxe4 27. Rxb7 Ra2 28. Rfb1 Bxb1 0-1